Statistics for Nutmeg Producing Countries

Click here to take the quiz!

General Stats

  • This quiz has been taken 9 times
  • The average score is 5 of 10

Answer Stats

Amount in TonsCountries% Correct
43,000India
100%
34,385Indonesia
100%
555Sri Lanka
75%
3,013Laos
63%
738Tanzania
63%
6,521Nepal
38%
1,086Bhutan
38%
2,775Grenada
25%
490Honduras
25%
36,259Guatemala
13%

Score Distribution

Percentile by Number Answered

Percent of People with Each Score

Your Score History

You have not taken this quiz